عرض عادي
عرض مارك
- Computer networks.
مدخل مصطلح موضوعي
001 - رقم الضبط
- حقل الضبط: 60742
003 - معرف رقم الضبط
- حقل الضبط: OSt
005 - تاريخ ووقت أخر عملية
- حقل الضبط: 20180110123036.0
008 - عناصر بيانات ثابتة الطول
- حقل تحكم ثابت الطول: 180110|| aca||aabn | a|a d
040 ## - مصدر الفهرسة
- هيئة الفهرسة الأصلية: OSt
- وكالة الكتابة: OSt
150 ## - مدخل-- مصطلح تاريخي
- عنصر مدخل المصطلح الموضوعي او الاسم الجغرافي: Computer networks.
670 ## - بيانات المصدر موجوده
- الاستشهاد بالمصدر: Work cat.: (OSt)35429: Tanenbaum, Andrew S., 1944- 5464, Computer networks /, 2014.
